Importation of birds into the United States (Registro nro. 911)
[ vista simple ]
| 000 -CABECERA | |
|---|---|
| Campo de control | 00726nam a2200241 a 4500 |
| 005 - FECHA Y HORA DE LA ULTIMA TRANSACCION | |
| Campo de control | 20140224114407.0 |
| 008 - ELEMENTOS DE LONGITUD FIJA—INFORMACION GENERAL | |
| Campo de control | 140224b19851989-Us||||| |||| 00| 0 eng d |
| 041 ## - IDIOMA | |
| Código de idioma para texto/pista de sonido o título separado | Inglés |
| 044 ## - PAÍS DE PUBLICACIÓN | |
| País de publicación | Estados Unidos |
| 090 ## - CLASIFICACIÓN LOCAL | |
| Colección | LB |
| Consecutivo | 00899 |
| 100 ## - ASIENTO PRINCIPAL--NOMBRE PERSONAL | |
| Nombre personal | Nilsson, Greta |
| 245 ## - MENCION DE TITULO | |
| Título | Importation of birds into the United States |
| 260 ## - PUBLICACION, DISTRIBUCION, ETC. (PIE DE IMPRENTA) | |
| Lugar de publicación, distribución, etc. | Washington |
| Nombre del editor, distribuidor, etc. | Animal Welfare Institute |
| Fecha de publicación, distribución, etc. | 1985 - 1989 |
| 300 ## - DESCRIPCION FISICA | |
| Extensión | 3 vol. |
| 505 ## - NOTA DE CONTENIDO | |
| Nota de contenido | Vol. 1: 1985, with discussion of recent developments and research in the Cage Bird Trade |
| 505 ## - NOTA DE CONTENIDO | |
| Nota de contenido | Vol. 2: 1986 - 1988 |
| 505 ## - NOTA DE CONTENIDO | |
| Nota de contenido | Vol. 3: 1989 |
| 650 ## - ASIENTO SECUNDARIO DE MATERIA - TERMINO TEMATICO | |
| Término temático o nombre geográfico como elemento de entrada | Aves |
| 650 ## - ASIENTO SECUNDARIO DE MATERIA - TERMINO TEMATICO | |
| Término temático o nombre geográfico como elemento de entrada | Comercio de especies silvestres |
| 650 ## - ASIENTO SECUNDARIO DE MATERIA - TERMINO TEMATICO | |
| Término temático o nombre geográfico como elemento de entrada | CITES |
| 662 ## - ASIENTO SECUNDARIO DE MATERIA - JERARQUIA DEL NOMBRE DE LUGAR( | |
| País o entidad mayor | Estados Unidos |
| 942 ## - ELEMENTOS ADICIONALES (KOHA) | |
| Tipo de ítem | Impreso |
| Sistema de clasificación | Local |
| Withdrawn status | Lost status | Sistema de Clasificación | Damaged status | No para préstamo | Colección | Inventariado | Ubicación Permanente | Ubicación actual | Fecha de adquisición | Fuente de Valor | Total Checkouts | Número topográfico | Inventario / Código de Barras | Date last seen | Ejemplar | Price effective from | Forma de adquisición | Tipo de material |
|---|---|---|---|---|---|---|---|---|---|---|---|---|---|---|---|---|---|---|
| Local | General | Inventariado 2017 | Bogotá | Bogotá | 13/01/1999 | Franco, Ana María | LB-00899 | 001269 | 04/12/2012 | Ej. 1 | 04/12/2012 | Informe Técnico | ||||||
| Local | General | Inventariado 2017 | Bogotá | Bogotá | 13/01/1999 | Franco, Ana María | LB-00899 | 001270 | 04/12/2012 | Ej. 1 | 04/12/2012 | Informe Técnico | ||||||
| Local | General | Inventariado 2017 | Bogotá | Bogotá | 13/01/1999 | Franco, Ana María | LB-00899 | 001271 | 04/12/2012 | Ej. 1 | 04/12/2012 | Informe Técnico |